000 00935nam a2200265Ia 4500
003 OSt
005 20220925203419.0
006 a|||||r|||| 00| 0
007 ta
008 220923b |||||||| |||| 00| 0 eng d
020 _a9780822345466
_c1183.6800000000001
037 _bRKBA/ 09-10/ 4673, 12/07/2012, RAJKIRAN BOOK AGENCY
_cGeneral Book
040 _aRTL
_cRTL
_beng
041 _2eng
_aeng
082 _aY736 (T).79161, P9
100 _aGustafson Bret
_9265916
245 0 _aNew Languages of the state
_b Indigenous resurgence and the politics of knowledge in Bolivia
260 _aDurham
_bDuke University Press
_c2009
300 _axx, 331p.
_ccm.
490 _aNarrating Native Histories
500 _aGlossary p.301-302
650 _aSociology
942 _hY736 (T).79161, P9
_cGB
_2CC
999 _c546318
_d546318